| 000 | 00809nam a22002173a 4500 | ||
|---|---|---|---|
| 005 | 20250108063740.0 | ||
| 008 | 011016s1998 mx fr 000 0 spa d | ||
| 020 | _a9505502516 | ||
| 035 | _aUPN01000114458 | ||
| 049 | _aCG | ||
| 050 | 4 |
_aBD255 _bI5.7 |
|
| 245 | 0 | 0 |
_aInterdisciplina para armar : _bplástica, poesía, matemática filosófica / _cAlfredo R. Palacios ... [et al.]. |
| 260 |
_aBuenos Aires : _bMagisterio del Río de la Plata, _cc1998. |
||
| 300 |
_a160 p. : _bil. |
||
| 440 | 0 |
_aRespuestas educativas. _pEureka |
|
| 650 | 4 |
_aAnálisis del proceso de interacción en educación _9270 |
|
| 650 | 4 |
_aAproximación interdisciplinaria en educación _93030 |
|
| 650 | 4 |
_aAPROXIMACION INTERDISCIPLINARIA AL CONOCIMIENTO _91353 |
|
| 700 | 1 |
_aPalacios, Alfredo Raúl, _ecoaut. _931600 |
|
| 905 | _aLibro | ||
| 999 |
_c88366 _d88366 |
||